Indian movie actors by picture 1 - Statistics

General Stats
  • This quiz has been taken 497 times
  • The average score is 10 of 15
Answer Stats
Picture Answer % Correct
Salman Khan
98%
Priyanka Chopra
89%
Hrithik Roshan
85%
Alia Bhatt
77%
Akshay Kumar
76%
Katrina Kaif
73%
Ranbir Kapoor
71%
Deepika Padukone
70%
Saif Ali Khan
70%
Varun Dhawan
62%
Ranveer Singh
56%
Kareena Kapoor Khan
53%
Siddharth Malhotra
47%
Kiara Advani
44%
Ayushmann Khurrana
36%
No matching quizzes found
Score Distribution
Percent of People with Each Score
Percentile by Number Answered
Your Score History
You have not taken this quiz